Statistics for Stations du métro parisien - ligne 11

Click here to take the quiz!

General Stats

  • This quiz has been taken 63 times
  • The average score is 11 of 13

Answer Stats

Stations% Correct
Arts et Métiers
98%
Châtelet
98%
République
93%
Belleville
89%
Pyrénées
89%
Hotel de Ville
86%
Porte des Lilas
86%
Rambuteau
86%
Mairie des Lilas
84%
Jourdain
80%
Télégraphe
80%
Goncourt
77%
Place des Fêtes
77%

Score Distribution

Percentile by Number Answered

Percent of People with Each Score

Your Score History

You have not taken this quiz